000 01015nam a22002657a 4500
005 2010101908158.0
008 101019t xxu||||| |||| 00| 0 hin d
010 _aHIN-94087
020 _c350.00
_a9788190735223
035 _aHN-66433
037 _bDBAD / PUB
040 _aDPL
_bHN
082 _a821
100 _923632
_aशर्मा,रामकृष्ण
245 _aभगवान परशुराम /
_cरामकृष्ण शर्मा
260 _aजयपुर
_bपुनीत प्रकाशन
_c2011
270 _aए-3,कान्ती नगर
_bजयपुर
300 1 _a255पृ.
_c22सेमी (सजिल्द)
650 _9657
_aहिन्दी कविता
650 _934273
700 _934278
710 _934811
942 _2ddc
_cHN
_h821
_mशर्मारा
999 _c56921
_d56921